000 00621nam a2200229 a 4500
001 BRCA_5707
005 20190320205204.0
008 150612s1945----mx-#######---#000-0#spa-#
041 _aspa
044 _amx
050 4 _aHG5194
_b.C38 1945
245 1 0 _aCatálogo de valores y empresas
_cNacional Financiera.
260 _aMéxico
_bCultura
_c1945
300 _a501 p.
_c24 cm.
500 _aIncluye índice temático
500 _aH28
650 1 4 _aValores
_vCatálogos
_zMéxico
_914490
650 1 4 _aCorporaciones
_zMéxico
_914491
710 2 _aNacional Financiera S.A.
_914492
902 _aGFM
942 _2lcc
_cB
999 _c5398
_d5398